The rockets' red glare /

Bibliographic Details
Main Author: Von Braun, Wernher, 1912-1977
Other Authors: Ordway, Frederick I., III (Frederick Ira), 1927-2014
Format: Book
Language:English
Published: Garden City, N.Y. : Anchor Press, 1976.
Edition:1st ed.
Subjects:

MARC

Tag First Indicator Second Indicator Subfields
LEADER 00000cam a2200000 i 4500
001 in00000648821
005 20151015063719.0
008 750411s1976 nyua b 00110 eng
010 |a  75006162  
020 |a 0385078471 :  |c $9.95 
035 |a (OCoLC)01324318 
035 |9 ACW1553AM 
040 |a DLC  |c DLC  |d m.c.  |d TXA  |d UtOrBLW 
049 |a TXAM  |c [1498886] 
050 0 0 |a TL781  |b .V59 
082 0 |a 621.43/56/09 
100 1 |a Von Braun, Wernher,  |d 1912-1977. 
245 1 4 |a The rockets' red glare /  |c Wernher von Braun and Frederick I. Ordway III. 
250 |a 1st ed. 
264 1 |a Garden City, N.Y. :  |b Anchor Press,  |c 1976. 
300 |a vi, 212 pages :  |b illustrations ;  |c 22 cm. 
336 |a text  |b txt  |2 rdacontent 
337 |a unmediated  |b n  |2 rdamedia 
338 |a volume  |b nc  |2 rdacarrier 
500 |a Includes index. 
504 |a Bibliography: pages [191]-204. 
650 0 |a Rocketry  |x History. 
700 1 |a Ordway, Frederick I.,  |c III  |q (Frederick Ira),  |d 1927-2014. 
999 |a MARS 
999 f f |s 371a4fd2-7f16-3271-a4a8-ccfaa62824fc  |i acfc7c28-82b1-3067-a07f-e6bc2f84276d  |t 0 
952 f f |p ric  |a Texas A&M University  |b Rellis Campus  |c Joint Library Facility  |d Remote Storage  |t 0  |e TL781 .V59  |h Library of Congress classification  |i unmediated -- volume  |m A14805553461 
998 f f |a TL781 .V59  |t 0  |l Remote Storage